Statistics for Migos Discography

Click here to take the quiz!

General Stats

  • This quiz has been taken 47 times
  • The average score is 7 of 19

Answer Stats

Year Name Type % Correct
2017CultureAlbum
100%
2018Culture 2Album
86%
2013Y.R.N. (Young Rich N....s)Mixtape
81%
2016Y.R.N. 2 (Young Rich N....s 2)Mixtape
69%
2012No LabelMixtape
45%
2014No Label 2Mixtape
45%
2015Yung Rich NationAlbum
33%
2011Juug SeasonMixtape
31%
2014Rich N...a TimelineMixtape
29%
20163 WayEP
26%
2015Back to the BandoMixtape
26%
2014World War 3D: The Green AlbumMixtape (Collab)
19%
2014Streets on Lock 3Mixtape (Collab)
17%
2013Streets on Lock 2Mixtape (Collab)
17%
2013Streets on LockMixtape (Collab)
17%
2015Migo LingoMixtape (Collab)
12%
2015Streets on Lock 4Mixtape (Collab)
12%
2015Still on LockMixtape (Collab)
7%
2014Solid FoundationMixtape (Collab)
5%

Score Distribution

Percentile by Number Answered

Percent of People with Each Score

Your Score History

You have not taken this quiz